Empfehlungen zur Durchführung und zum Aufbau forensisch-psychiatrischer Gutachten

Saved in:  
Bibliographic Details
Main Author: Szewczyk, Hans 1923-1994 (Author)
Format: Print Article
Language:German
Published: 1981
In: Psychiatrie, Neurologie und medizinische Psychologie
Year: 1981, Volume: 33, Issue: 11, Pages: 689-694
Check availability: HBZ Gateway
Keywords:

MARC

LEADER 00000caa a22000002c 4500
001 1631944711
003 DE-627
005 20230428154041.0
007 tu
008 130516s1981 xx ||||| 00| ||ger c
035 |a (DE-627)1631944711 
035 |a (DE-576)382395883 
035 |a (DE-599)BSZ382395883 
040 |a DE-627  |b ger  |c DE-627  |e rakwb 
041 |a ger 
100 1 |a Szewczyk, Hans  |d 1923-1994  |0 (DE-588)1046322052  |0 (DE-627)776097466  |0 (DE-576)163259275  |4 aut 
109 |a Szewczyk, Hans 1923-1994  |a Szewczyk, Hans Martin 1923-1994  |a Szewczyk, Hans M. 1923-1994 
245 1 0 |a Empfehlungen zur Durchführung und zum Aufbau forensisch-psychiatrischer Gutachten  |c Hans Szewczyk 
264 1 |c 1981 
336 |a Text  |b txt  |2 rdacontent 
337 |a ohne Hilfsmittel zu benutzen  |b n  |2 rdamedia 
338 |a Band  |b nc  |2 rdacarrier 
773 0 8 |i In  |t Psychiatrie, Neurologie und medizinische Psychologie  |d Leipzig : Hirzel, 1949  |g 33(1981), 11, Seite 689-694  |w (DE-627)129304239  |w (DE-600)123833-4  |w (DE-576)014499118  |x 0033-2739  |7 nnas 
773 1 8 |g volume:33  |g year:1981  |g number:11  |g pages:689-694 
951 |a AR 
ELC |b 1 
LOK |0 000 xxxxxcx a22 zn 4500 
LOK |0 001 3283410089 
LOK |0 003 DE-627 
LOK |0 004 1631944711 
LOK |0 005 20260220134722 
LOK |0 008 130516||||||||||||||||ger||||||| 
LOK |0 040   |a DE-21-110  |c DE-627  |d DE-21-110 
LOK |0 689   |a s  |a Gerichtspsychiatrisches Gutachten 
LOK |0 852   |z Kein Bestand am IfK; Nachweis für KrimDok 
LOK |0 852   |a DE-21-110 
LOK |0 852 1  |m v  |9 00 
LOK |0 935   |a k110 
LOK |0 938   |k v 
LOK |0 939   |a 16-05-13  |b l01 
ORI |a WA-MARC-krimdoka001.raw